| 000 | 00527nam a22001937a 4500 | ||
|---|---|---|---|
| 003 | OSt | ||
| 005 | 20140310183056.0 | ||
| 008 | 130228t xxu||||| |||| 00| 0 eng d | ||
| 050 |
_aPL 6059 _b.Ag283 2010 |
||
| 082 |
_aFIL 808.04 _b.A283 2010 |
||
| 245 |
_aMasining na pagpapahayag _cAguilar, Reynaldo L.,... [et al.] _b(retorika) |
||
| 260 |
_aPateros _bGrandbooks Pub. _cc2010 |
||
| 300 |
_a189 p. _bill. _c26 cm. |
||
| 521 | _aCollege | ||
| 526 | _b1210L-1700L | ||
| 541 | _j1 | ||
| 562 | _e1 | ||
| 942 |
_2lcc _cBK _kFIL |
||
| 999 |
_c18687 _d18687 |
||